000 00460nam a2200181Ia 4500
001 8896
005 20260306160643.0
008 260306t2013||||xx |||||||||||||| ||spa||
041 _aESP
082 _a371.9
_bH439
100 _aHeward, William L.
_eAUT
245 0 _aExceptional children:
_ban introduction to special education
260 _c2013
300 _avarias paginaciones :
_c28 cm.
650 _aGEN
654 _aCED
942 _cLIB
_dJUS
_fJUS
_2ddc
_n
999 _c8896
_d8896